[Event "34th European Club Cup 2018"]
[Site "Halkidiki"]
[Date "2018.10.13"]
[Round "2"]
[White "Van Diermen, Arie"]
[Black "Densing, Gerd"]
[Result "1/2-1/2"]
[WhiteElo "1931"]
[BlackElo "1776"]
[Annotator "NA"]
[PlyCount "100"]
[EventDate "2018.10.12"]
[EventType "team-tourn"]
[EventCountry "GRE"]
[SourceTitle "playchess.com"]
[Source "ChessBase"]
[SourceQuality "1"]
[WhiteTeam "En Passant"]
[BlackTeam "Echternach"]

1. e4 e6 2. d4 d5 3. exd5 exd5 4. c4 Nc6 5. Nf3 Nf6 6. Nc3 Bb4 7. a3 Bxc3+ 8. bxc3 h6 9. cxd5 Qxd5 10. c4 Qe4+ 11. Be2 O-O 12. O-O Bf5 13. h3 Rad8 14. Be3 Rfe8 15. Re1 Na5 16. Qa4 b6 17. Ne5 Qc2 18. Qxc2 Bxc2 19. Nf3 Ne4 20. Rac1 Ba4 21. Bd3 c6 22. Bf4 Nf6 23. Be5 Nb3 24. Rb1 b5 25. cxb5 cxb5 26. Bxb5 Bxb5 27. Rxb3 Bc6 28. Kf1 Nd5 29. Bg3 Nb6 30. Rxe8+ Rxe8 31. Re3 Bb5+ 32. Kg1 Rxe3 33. fxe3 Nc4 34. e4 Nxa3 35. d5 Nc4 36. Nd4 Bd7 37. Nc6 a5 38. Ne5 Nxe5 39. Bxe5 h5 40. Bd6 Bb5 41. Kf2 f6 42. g3 Kf7 43. h4 Bc4 44. Ke3 Bb3 45. Kd4 Bc2 46. e5 fxe5+ 47. Kxe5 g6 48. Bc5 Bf5 49. Kd6 Ke8 50. Kc7 a4 1/2-1/2

[Event "34th European Club Cup 2018"]
[Site "Halkidiki"]
[Date "2018.10.13"]
[Round "2"]
[White "O`brien, George"]
[Black "Gengler, Pierre"]
[Result "0-1"]
[WhiteElo "1902"]
[BlackElo "2205"]
[Annotator "NA"]
[PlyCount "80"]
[EventDate "2018.10.12"]
[EventType "team-tourn"]
[EventCountry "GRE"]
[SourceTitle "playchess.com"]
[Source "ChessBase"]
[SourceQuality "1"]
[WhiteTeam "Ballinasloe"]
[BlackTeam "Wirtzfeld"]

1. Nf3 g6 2. g3 Bg7 3. d4 f5 4. Bg2 Nf6 5. O-O O-O 6. c4 d6 7. Nc3 Qe8 8. e4 fxe4 9. Ng5 Nc6 10. Be3 Bg4 11. f3 exf3 12. Bxf3 Bxf3 13. Rxf3 e5 14. d5 Nd8 15. Qd2 Ng4 16. Rxf8+ Bxf8 17. Nge4 Bg7 18. Rf1 Nxe3 19. Qxe3 Qe7 20. b4 Nf7 21. c5 Nh6 22. Nb5 Nf5 23. Qa3 Nd4 24. Nxa7 Qe8 25. Qa5 Qb8 26. cxd6 cxd6 27. Nxd6 Qxd6 28. Nb5 Rxa5 29. Nxd6 Rxd5 30. Nxb7 Rb5 31. Nd6 Rxb4 32. Rf2 Bh6 33. Kg2 Be3 34. Rf7 Rb2+ 35. Kh3 Nf5 36. Nxf5 Kxf7 37. Nxe3 Rxa2 38. Ng4 Ke6 39. Kh4 Ra4 40. h3 h5 0-1

[Event "34th European Club Cup 2018"]
[Site "Halkidiki"]
[Date "2018.10.13"]
[Round "2"]
[White "Prelati, Maurizio"]
[Black "Lalouette, Herve"]
[Result "1-0"]
[WhiteElo "1889"]
[BlackElo "1681"]
[Annotator "NA"]
[PlyCount "73"]
[EventDate "2018.10.12"]
[EventType "team-tourn"]
[EventCountry "GRE"]
[SourceTitle "playchess.com"]
[Source "ChessBase"]
[SourceQuality "1"]
[WhiteTeam "Lazio ASD"]
[BlackTeam "Bois-Colombes"]

1. e4 c5 2. c3 Nf6 3. e5 Nd5 4. d4 cxd4 5. Nf3 Nc6 6. Bc4 Nb6 7. Bb3 e6 8. cxd4 d6 9. Qe2 Be7 10. O-O O-O 11. Nc3 Qc7 12. Nb5 Qd8 13. Nxd6 Bxd6 14. exd6 Qxd6 15. Qe4 Nd5 16. Bg5 Re8 17. Rad1 Bd7 18. Bc2 g6 19. Qh4 Nce7 20. Ne5 Nf5 21. Nxf7 Qf8 22. Bxf5 exf5 23. Ne5 Qd6 24. Qg3 Rac8 25. h4 Re6 26. h5 Be8 27. Rc1 Rc7 28. Rxc7 Qxc7 29. Rc1 Bc6 30. hxg6 hxg6 31. Bd2 Qg7 32. Qg5 Nf6 33. f3 Nd5 34. Qd8+ Re8 35. Qd6 Ne7 36. Qe6+ Kf8 37. Bb4 1-0

[Event "34th European Club Cup 2018"]
[Site "Halkidiki"]
[Date "2018.10.13"]
[Round "2"]
[White "Dunne, Thomas Junior"]
[Black "Boidman, Yuri"]
[Result "0-1"]
[WhiteElo "1878"]
[BlackElo "2358"]
[Annotator "TA"]
[PlyCount "92"]
[EventDate "2018.10.12"]
[EventType "team-tourn"]
[EventCountry "GRE"]
[SourceTitle "playchess.com"]
[Source "ChessBase"]
[SourceQuality "1"]
[WhiteTeam "Ballinasloe"]
[BlackTeam "Wirtzfeld"]

1. e4 d5 2. exd5 Nf6 3. d4 Bg4 4. Nf3 Qxd5 5. Be2 Nc6 6. O-O O-O-O 7. Be3 e5 8. c4 Qd7 9. d5 e4 10. dxc6 Qxd1 11. cxb7+ Kxb7 12. Rxd1 Rxd1+ 13. Bxd1 exf3 14. Bxf3+ Bxf3 15. gxf3 Nd7 16. Nd2 Bb4 17. b3 Ne5 18. Kg2 Rd8 19. Ne4 f5 20. Ng5 h6 21. Ne6 Rd6 22. Nf4 c6 23. a3 Bc3 24. Rc1 Ba5 25. b4 Bc7 26. c5 Rd7 27. Rc2 g5 28. Ne2 Ng6 29. Kh3 Nh4 30. f4 Nf3 31. Kg3 g4 32. Rc1 h5 33. a4 h4+ 34. Kg2 h3+ 35. Kh1 Rd3 36. b5 Ba5 37. Ng3 Nh4 38. Ne2 Nf3 39. Ng3 Rd5 40. Ne2 Bb4 41. Ng3 Ba3 42. Rb1 Bxc5 43. bxc6+ Kc7 44. Rc1 Bxe3 45. fxe3 Rd2 46. Nf1 Rg2 0-1

[Event "34th European Club Cup 2018"]
[Site "Halkidiki"]
[Date "2018.10.13"]
[Round "2"]
[White "Noer, Martin Stampe"]
[Black "Maksimovic, Marko"]
[Result "0-1"]
[WhiteElo "1863"]
[BlackElo "2187"]
[Annotator "NA"]
[PlyCount "88"]
[EventDate "2018.10.12"]
[EventType "team-tourn"]
[EventCountry "GRE"]
[SourceTitle "playchess.com"]
[Source "ChessBase"]
[SourceQuality "1"]
[WhiteTeam "Nordkalotten"]
[BlackTeam "Partizan"]

1. d4 Nf6 2. Bf4 g6 3. Nc3 d5 4. e3 Bg7 5. h4 h5 6. Nb5 Na6 7. Bd3 c6 8. Nc3 Nb4 9. Nf3 Nxd3+ 10. Qxd3 Bf5 11. Qd2 O-O 12. Ne5 Nd7 13. Nxd7 Qxd7 14. Ne2 Rfe8 15. Ng3 Be6 16. c3 f6 17. e4 dxe4 18. Nxe4 Qd5 19. f3 Bf5 20. Ng3 Rad8 21. Nxf5 Qxf5 22. O-O-O e5 23. Be3 exd4 24. cxd4 Kh7 25. Qd3 Qe6 26. Rde1 Qxa2 27. g4 Qd5 28. gxh5 Qxh5 29. Rhg1 c5 30. Rg4 cxd4 31. Rxd4 Rxd4 32. Qxd4 Qxf3 33. Bd2 f5 34. Qb4 Rxe1+ 35. Bxe1 Qc6+ 36. Kd1 Qf3+ 37. Kc1 Bh6+ 38. Bd2 Qh1+ 39. Kc2 Qe4+ 40. Kd1 Qxb4 41. Bxb4 Bg7 42. b3 Bf6 43. Be1 Kh6 44. Bf2 a6 0-1

[Event "34th European Club Cup 2018"]
[Site "Halkidiki"]
[Date "2018.10.13"]
[Round "2"]
[White "Guidoreni, Jean"]
[Black "McMillan, Charles Stuart"]
[Result "1/2-1/2"]
[WhiteElo "1862"]
[BlackElo "2070"]
[Annotator "NA"]
[PlyCount "141"]
[EventDate "2018.10.12"]
[EventType "team-tourn"]
[EventCountry "GRE"]
[SourceTitle "playchess.com"]
[Source "ChessBase"]
[SourceQuality "1"]
[WhiteTeam "Dudelange"]
[BlackTeam "White Rose"]

1. e4 c5 2. Nf3 d6 3. d4 cxd4 4. Nxd4 Nf6 5. Nc3 a6 6. a4 e6 7. Be2 Be7 8. O-O O-O 9. Be3 Nc6 10. Nb3 b6 11. f4 Bb7 12. Bf3 Qc7 13. Qe2 Rfe8 14. Rac1 Bf8 15. Nd1 Rac8 16. c3 Na5 17. Nxa5 bxa5 18. Qc2 Bc6 19. Re1 Qb7 20. Bf2 Rb8 21. Ra1 d5 22. e5 Ne4 23. Bxe4 dxe4 24. Bd4 Rec8 25. Re2 Qd7 26. Nf2 Ba8 27. Rd1 Bd5 28. Ra1 Qb7 29. Nd1 h6 30. Ne3 Bb3 31. Qb1 Qc6 32. Ng4 Bd5 33. Ne3 Bb3 34. Ng4 Bxa4 35. Nf2 Bb5 36. Rxe4 a4 37. Re3 Bc4 38. Rg3 Kh8 39. h3 a3 40. b4 a2 41. Rxa2 Bxa2 42. Qxa2 Qc4 43. Qd2 Rd8 44. Rd3 Kg8 45. Ng4 Rd7 46. Qe2 Kh8 47. Ne3 Qc6 48. Ng4 Rbd8 49. Qb2 Qe4 50. Nf2 Qxf4 51. Rf3 Qg5 52. Qa3 Qg6 53. Nd3 Ra8 54. Qa4 Rdd8 55. Kh2 Qe4 56. Qa5 Rd7 57. Re3 Qd5 58. Qa4 Qb5 59. Qc2 Rc8 60. Qa2 Qc4 61. Qf2 Kg8 62. Rg3 Rcd8 63. Nc5 Bxc5 64. Bxc5 Rd3 65. Rg4 Qxc3 66. Qf6 g6 67. Rxg6+ fxg6 68. Qxg6+ Kh8 69. Qxh6+ Kg8 70. Qxe6+ Kh8 71. Be7 1/2-1/2

[Event "34th European Club Cup 2018"]
[Site "Halkidiki"]
[Date "2018.10.13"]
[Round "2"]
[White "Lex, Gereon"]
[Black "Gayson, Peter M"]
[Result "0-1"]
[WhiteElo "1836"]
[BlackElo "2150"]
[Annotator "NA"]
[PlyCount "52"]
[EventDate "2018.10.12"]
[EventType "team-tourn"]
[EventCountry "GRE"]
[SourceTitle "playchess.com"]
[Source "ChessBase"]
[SourceQuality "1"]
[WhiteTeam "Dudelange"]
[BlackTeam "White Rose"]

1. Nf3 d5 2. g3 c5 3. c4 e6 4. Bg2 Nf6 5. O-O Nc6 6. cxd5 exd5 7. d4 Be7 8. Nc3 O-O 9. dxc5 Bxc5 10. Bg5 d4 11. Ne4 Be7 12. Nxf6+ Bxf6 13. Bxf6 Qxf6 14. Qb3 Re8 15. Rfe1 Re7 16. a3 Be6 17. Qb5 h6 18. Rad1 Rd8 19. Nd2 Bf5 20. Nc4 Bc2 21. Rd2 d3 22. e3 Nd4 23. Qa5 b6 24. Qc3 Ne2+ 25. Rexe2 Qxc3 26. bxc3 dxe2 0-1

[Event "34th European Club Cup 2018"]
[Site "Halkidiki"]
[Date "2018.10.13"]
[Round "2"]
[White "Pelantakis, Mihail"]
[Black "Bednarich, Jan"]
[Result "0-1"]
[WhiteElo "1782"]
[BlackElo "2200"]
[Annotator "NA"]
[PlyCount "112"]
[EventDate "2018.10.12"]
[EventType "team-tourn"]
[EventCountry "GRE"]
[SourceTitle "playchess.com"]
[Source "ChessBase"]
[SourceQuality "1"]
[WhiteTeam "Chania CC"]
[BlackTeam "Bonnevoie"]

1. d4 e6 2. c4 Nf6 3. Nc3 Bb4 4. a3 Bxc3+ 5. bxc3 Qe7 6. e3 d6 7. Bd3 e5 8. Ne2 Nc6 9. O-O e4 10. Bb1 O-O 11. Ng3 Re8 12. f3 exf3 13. Qxf3 Bg4 14. Qf4 Na5 15. Bf5 Bh5 16. Nxh5 Nxh5 17. Bxh7+ Kxh7 18. Qf5+ Kg8 19. Qxa5 Nf6 20. Rb1 c5 21. Qb5 b6 22. Qb2 Ne4 23. Rf3 Qe6 24. d5 Qg6 25. Qc2 Re5 26. Rb2 Rg5 27. a4 Re8 28. a5 bxa5 29. Rb7 Rf5 30. Rxf5 Qxf5 31. Rxa7 Rb8 32. Rxa5 g6 33. Ra1 Kg7 34. Bb2 Qe5 35. Rf1 Rh8 36. Rf4 f5 37. g3 Ng5 38. Kg2 Qxe3 39. Qf2 Qe5 40. h4 Ne4 41. Qe3 Ra8 42. Kg1 Ra2 43. Bc1 Rc2 44. Rf3 Kf7 45. Qf4 Nxc3 46. Qxe5 Rxc1+ 47. Kg2 dxe5 48. g4 Rc2+ 49. Kh3 e4 50. Rf1 Kf6 51. gxf5 gxf5 52. h5 e3 53. Rg1 Ne4 54. h6 Nf2+ 55. Kg3 Kg6 56. Kf4+ Ng4 0-1

[Event "34th European Club Cup 2018"]
[Site "Halkidiki"]
[Date "2018.10.13"]
[Round "2"]
[White "Burke, Kevin A."]
[Black "Ledger, Dave J"]
[Result "1/2-1/2"]
[WhiteElo "1768"]
[BlackElo "2168"]
[Annotator "NA"]
[PlyCount "130"]
[EventDate "2018.10.12"]
[EventType "team-tourn"]
[EventCountry "GRE"]
[SourceTitle "playchess.com"]
[Source "ChessBase"]
[SourceQuality "1"]
[WhiteTeam "St Benildus"]
[BlackTeam "Blackthorne"]

1. e4 e5 2. f4 d5 3. exd5 exf4 4. Nf3 Nf6 5. Nc3 Nxd5 6. Bc4 Be6 7. Qe2 Be7 8. Nxd5 Bxd5 9. Bxd5 Qxd5 10. d4 Nc6 11. Bxf4 O-O 12. O-O Bd6 13. Qd2 Rad8 14. c3 Ne7 15. Bxd6 Rxd6 16. b3 Qa5 17. Rae1 Ng6 18. Ng5 h6 19. Nf3 Rfd8 20. Qc2 Rd5 21. a4 Qb6 22. Re4 a5 23. Rfe1 Qc6 24. Qb2 Rf5 25. c4 Nf4 26. Qc2 Rf6 27. Ne5 Qd6 28. Nd3 Nxd3 29. Re8+ Rxe8 30. Rxe8+ Kh7 31. Qxd3+ g6 32. Qe3 Qa3 33. Re4 Kg7 34. h3 Rb6 35. Rf4 Qd6 36. Re4 Qf6 37. Qd3 Qg5 38. d5 Qc1+ 39. Kh2 Qb2 40. Re3 h5 41. Rf3 h4 42. Qe3 Rf6 43. Rxf6 Qxf6 44. Kg1 b6 45. Qd3 Kf8 46. Qe3 Kg7 47. Qd3 Qe5 48. Kf2 f5 49. Qd1 Kf6 50. Qd2 Qg3+ 51. Kg1 Qxb3 52. Qd4+ Kg5 53. c5 bxc5 54. Qd2+ Kf6 55. Qxa5 Qd1+ 56. Kf2 Qxd5 57. Qxc7 Qd4+ 58. Kf1 c4 59. a5 Qd1+ 60. Kf2 Qd2+ 61. Kf3 c3 62. Qb6+ Kf7 63. Qa7+ Kf6 64. Qb6+ Kf7 65. Qa7+ Kf6 1/2-1/2

[Event "34th European Club Cup 2018"]
[Site "Halkidiki"]
[Date "2018.10.13"]
[Round "2"]
[White "Fyntrilakis, Kyriakos"]
[Black "Schwerteck, Michael"]
[Result "0-1"]
[WhiteElo "1746"]
[BlackElo "2077"]
[Annotator "NA"]
[PlyCount "98"]
[EventDate "2018.10.12"]
[EventType "team-tourn"]
[EventCountry "GRE"]
[SourceTitle "playchess.com"]
[Source "ChessBase"]
[SourceQuality "1"]
[WhiteTeam "Chania CC"]
[BlackTeam "Bonnevoie"]

1. e4 e5 2. Nf3 Nc6 3. Bb5 a6 4. Ba4 Nf6 5. O-O Be7 6. Re1 b5 7. Bb3 d6 8. c3 O-O 9. h3 Nb8 10. d4 Nbd7 11. Nbd2 Bb7 12. Bc2 Re8 13. Nf1 Bf8 14. Ng3 g6 15. Nh2 d5 16. exd5 exd4 17. Rxe8 Qxe8 18. Qxd4 Bc5 19. Qd1 Qe5 20. Nhf1 Re8 21. Be3 Nxd5 22. Bxc5 Nxc5 23. Qd2 Nf4 24. Ne3 Qg5 25. b4 Nxg2 26. h4 Nxh4 27. Kf1 Bg2+ 28. Ke2 Bf3+ 29. Kf1 Rd8 30. Qe1 Nd3 31. Bxd3 Rxd3 32. Nc2 Bg2+ 33. Ke2 Rd8 34. Ne3 Qf4 35. Qc1 Bf3+ 36. Kf1 Qd6 37. Qb2 Qd3+ 38. Kg1 Qd2 39. Qa3 Qd6 40. Nc2 Bb7 41. Ne3 Nf3+ 42. Kg2 Ng5+ 43. Kg1 Nh3+ 44. Kf1 Qd2 45. Nd1 Qd3+ 46. Ke1 Ng5 47. Ne2 Qd2+ 48. Kf1 Qxd1+ 49. Rxd1 Rxd1# 0-1

[Event "34th European Club Cup 2018"]
[Site "Halkidiki"]
[Date "2018.10.13"]
[Round "2"]
[White "Barrett, Conor"]
[Black "Loo, Bernd"]
[Result "1/2-1/2"]
[WhiteElo "1643"]
[BlackElo "1849"]
[Annotator "NA"]
[PlyCount "67"]
[EventDate "2018.10.12"]
[EventType "team-tourn"]
[EventCountry "GRE"]
[SourceTitle "playchess.com"]
[Source "ChessBase"]
[SourceQuality "1"]
[WhiteTeam "Ballinasloe"]
[BlackTeam "Wirtzfeld"]

1. e4 d5 2. exd5 Qxd5 3. Nc3 Qa5 4. d4 c6 5. Nf3 Nf6 6. Be2 Bf5 7. O-O Nbd7 8. Bf4 e6 9. a3 Be7 10. h3 O-O 11. Qd2 Rac8 12. Nh4 Bg6 13. Nxg6 hxg6 14. Bf3 Qd8 15. Rfd1 Nb6 16. Be2 Nfd5 17. Nxd5 cxd5 18. c3 Na4 19. Bb5 Nb6 20. Bd3 a6 21. Rac1 Bf6 22. Be5 Bxe5 23. dxe5 Qe7 24. Qe2 Nc4 25. Bxc4 Rxc4 26. Rd4 b5 27. Qd1 Qc7 28. Rxc4 Qxc4 29. Qg4 Rc8 30. Qxc4 Rxc4 31. Kf1 a5 32. Rd1 Re4 33. Re1 Rc4 34. Rd1 1/2-1/2

[Event "34th European Club Cup 2018"]
[Site "Halkidiki"]
[Date "2018.10.14"]
[Round "3"]
[White "Ding, Liren"]
[Black "Werle, Jan"]
[Result "1/2-1/2"]
[WhiteElo "2804"]
[BlackElo "2527"]
[Annotator "TA"]
[PlyCount "64"]
[EventDate "2018.10.12"]
[EventType "team-tourn"]
[EventCountry "GRE"]
[SourceTitle "playchess.com"]
[Source "ChessBase"]
[SourceQuality "1"]
[WhiteTeam "Alkaloid"]
[BlackTeam "Bremen"]

1. c4 e6 2. Nc3 d5 3. d4 Nf6 4. cxd5 Nxd5 5. e4 Nxc3 6. bxc3 c5 7. Rb1 cxd4 8. cxd4 Be7 9. Nf3 O-O 10. Bc4 Nd7 11. O-O Nf6 12. Bd3 b6 13. Qe2 Bb7 14. e5 Ne8 15. h4 g6 16. Rd1 Ng7 17. Ng5 Rc8 18. Be3 Rc7 19. a4 Bd5 20. Rbc1 Rxc1 21. Rxc1 Qa8 22. Qg4 Rc8 23. Rxc8+ Qxc8 24. Kh2 Qe8 25. h5 Nxh5 26. Nxh7 Kxh7 27. Qxh5+ Kg8 28. Qg4 Kg7 29. Qh3 Qh8 30. Qxh8+ Kxh8 31. Bb5 Kg7 32. g4 g5 1/2-1/2

[Event "34th European Club Cup 2018"]
[Site "Halkidiki"]
[Date "2018.10.14"]
[Round "3"]
[White "Svidler, Peter"]
[Black "Edouard, Romain"]
[Result "0-1"]
[WhiteElo "2756"]
[BlackElo "2646"]
[Annotator "TA"]
[PlyCount "66"]
[EventDate "2018.10.12"]
[EventType "team-tourn"]
[EventCountry "GRE"]
[SourceTitle "playchess.com"]
[Source "ChessBase"]
[SourceQuality "1"]
[WhiteTeam "St.Petersburg"]
[BlackTeam "KGSRL"]

1. c4 e5 2. Nc3 Nf6 3. Nf3 Nc6 4. g3 d5 5. cxd5 Nxd5 6. Bg2 Nb6 7. O-O Be7 8. a3 O-O 9. b4 Be6 10. Rb1 f6 11. d3 Nd4 12. Nh4 c6 13. e3 Nf5 14. Bh3 Qd7 15. Bxf5 Bxf5 16. Nxf5 Qxf5 17. Qb3+ Kh8 18. e4 Qd7 19. a4 f5 20. a5 Nc8 21. f4 Bf6 22. Ne2 exf4 23. Bxf4 Re8 24. Rbd1 Ne7 25. e5 Nd5 26. exf6 Rxe2 27. fxg7+ Qxg7 28. d4 Nxf4 29. Rxf4 Rae8 30. Rf2 Rxf2 31. Kxf2 Qh6 32. Qf3 Qxh2+ 33. Kf1 f4 0-1

[Event "34th European Club Cup 2018"]
[Site "Halkidiki"]
[Date "2018.10.14"]
[Round "3"]
[White "Navara, David"]
[Black "Grandelius, Nils"]
[Result "0-1"]
[WhiteElo "2740"]
[BlackElo "2655"]
[Annotator "TA"]
[PlyCount "158"]
[EventDate "2018.10.12"]
[EventType "team-tourn"]
[EventCountry "GRE"]
[SourceTitle "playchess.com"]
[Source "ChessBase"]
[SourceQuality "1"]
[WhiteTeam "Novy Bor"]
[BlackTeam "Valerenga"]

1. d4 d5 2. c4 c6 3. Nf3 Nf6 4. Nc3 dxc4 5. a4 e6 6. e3 c5 7. Bxc4 cxd4 8. exd4 Nc6 9. O-O Be7 10. Bg5 O-O 11. Qd2 b6 12. d5 Na5 13. Ba2 Nxd5 14. Nxd5 exd5 15. Bxe7 Qxe7 16. b4 Nc4 17. Qxd5 Be6 18. Qh5 Rac8 19. Rac1 h6 20. Nd4 Nd2 21. Nxe6 Nxf1 22. Re1 Kh8 23. Bb1 Nd2 24. Qd1 fxe6 25. Qxd2 Qf6 26. g3 Qc3 27. Qe2 Qxb4 28. Qxe6 Qd2 29. Bf5 Rc1 30. Rxc1 Qxc1+ 31. Kg2 Qg5 32. Bd3 Rd8 33. Be4 Qf6 34. Qc4 Qd4 35. Qe6 Qf6 36. Qc4 Rf8 37. f3 Re8 38. h4 Qe6 39. Qc7 Qa2+ 40. Kh3 Qe6+ 41. Kg2 a6 42. Qb7 Rd8 43. Qxa6 Rd2+ 44. Kg1 Qf6 45. Qc8+ Rd8 46. Qc2 Qd4+ 47. Kg2 Qd2+ 48. Qxd2 Rxd2+ 49. Kh3 Rd4 50. Bc6 g6 51. f4 Kg7 52. h5 g5 53. Kg4 Kf6 54. Be8 Rb4 55. Bd7 Rb1 56. Bb5 Rg1 57. Kf3 Rd1 58. Kg4 Rd4 59. Be8 Ke6 60. Bb5 Rb4 61. Be8 gxf4 62. gxf4 Rb1 63. Bc6 Rg1+ 64. Kf3 Kd6 65. Bb5 Kd5 66. Be8 Rf1+ 67. Kg4 Ke4 68. Bc6+ Ke3 69. Kf5 Rxf4+ 70. Kg6 Rd4 71. Be8 Rd6+ 72. Kf5 Kf3 73. Bg6 Kg3 74. Ke5 Rd8 75. Kf6 Kg4 76. Ke7 Rd4 77. Be8 Re4+ 78. Kd8 Rxe8+ 79. Kxe8 Kxh5 0-1

[Event "34th European Club Cup 2018"]
[Site "Halkidiki"]
[Date "2018.10.14"]
[Round "3"]
[White "Naiditsch, Arkadij"]
[Black "Kjartansson, Gudmundur"]
[Result "1-0"]
[WhiteElo "2721"]
[BlackElo "2428"]
[Annotator "TA"]
[PlyCount "145"]
[EventDate "2018.10.12"]
[EventType "team-tourn"]
[EventCountry "GRE"]
[SourceTitle "playchess.com"]
[Source "ChessBase"]
[SourceQuality "1"]
[WhiteTeam "Odlar Yurdu"]
[BlackTeam "Reykjavik"]

1. e4 e6 2. d4 d5 3. Nc3 Nf6 4. Bg5 dxe4 5. Nxe4 Be7 6. Bxf6 gxf6 7. Qd2 f5 8. Nc3 a6 9. g3 Nd7 10. Bg2 Rb8 11. d5 Bd6 12. dxe6 fxe6 13. Nf3 Qf6 14. O-O-O O-O 15. Rhe1 b5 16. Qg5+ Qxg5+ 17. Nxg5 Nc5 18. b4 Be7 19. h4 Na4 20. Nd5 Bxg5+ 21. hxg5 exd5 22. Bxd5+ Kh8 23. Re7 Rb6 24. Rh1 h6 25. Rxc7 f4 26. Bc6 Rd8 27. g6 Kg8 28. Re1 Rxc6 29. Rxc6 fxg3 30. fxg3 Bg4 31. Rxa6 Nc3 32. Kb2 Na4+ 33. Ka1 Bd1 34. Rc6 Be2 35. Rc7 Bc4 36. a3 Nc3 37. g4 Na4 38. Rh7 Be2 39. Rxh6 Kg7 40. g5 Rd5 41. Rhh1 Bg4 42. Rhg1 Bf5 43. Re7+ Kxg6 44. Rc7 Rd6 45. Kb1 Be6 46. Kc1 Bc4 47. Rc8 Nc3 48. Rh1 Kxg5 49. Rf8 Rf6 50. Rfh8 Kf5 51. Kd2 Na4 52. Rd8 Rg6 53. Rh2 Rg3 54. Rf2+ Ke6 55. Re8+ Kd6 56. Re3 Rxe3 57. Kxe3 Ke5 58. Rh2 Nc3 59. Rh5+ Kd6 60. Rg5 Na4 61. Kd4 Kc6 62. Rg6+ Kc7 63. Ra6 Nb6 64. a4 Kb7 65. axb5 Bxb5 66. Ra1 Kc6 67. Rh1 Nc4 68. Rh6+ Kc7 69. Kc5 Na3 70. Rh3 Nxc2 71. Kxb5 Nd4+ 72. Ka6 Ne6 73. Rh7+ 1-0

[Event "34th European Club Cup 2018"]
[Site "Halkidiki"]
[Date "2018.10.14"]
[Round "3"]
[White "Fedoseev, Vladimir"]
[Black "Demuth, Adrien"]
[Result "1-0"]
[WhiteElo "2713"]
[BlackElo "2529"]
[Annotator "TA"]
[PlyCount "51"]
[EventDate "2018.10.12"]
[EventType "team-tourn"]
[EventCountry "GRE"]
[SourceTitle "playchess.com"]
[Source "ChessBase"]
[SourceQuality "1"]
[WhiteTeam "St.Petersburg"]
[BlackTeam "KGSRL"]

1. e4 e5 2. Nf3 d6 3. d4 exd4 4. Nxd4 Nf6 5. Nc3 Be7 6. Bc4 O-O 7. O-O Re8 8. Re1 Bf8 9. Bf4 c6 10. a4 Nbd7 11. h3 d5 12. exd5 Rxe1+ 13. Qxe1 Nb6 14. Ba2 Nfxd5 15. Be5 Nb4 16. a5 Nd7 17. Bb3 c5 18. Ndb5 c4 19. Bc7 Qf6 20. Bxc4 a6 21. Nd6 Nxc2 22. Qe8 Ne5 23. Nxc8 Rxc8 24. Qxc8 Nxa1 25. Nd5 Qg5 26. f4 1-0

[Event "34th European Club Cup 2018"]
[Site "Halkidiki"]
[Date "2018.10.14"]
[Round "3"]
[White "Eljanov, Pavel"]
[Black "Meins, Gerlef"]
[Result "1-0"]
[WhiteElo "2703"]
[BlackElo "2408"]
[Annotator "TA"]
[PlyCount "79"]
[EventDate "2018.10.12"]
[EventType "team-tourn"]
[EventCountry "GRE"]
[SourceTitle "playchess.com"]
[Source "ChessBase"]
[SourceQuality "1"]
[WhiteTeam "Alkaloid"]
[BlackTeam "Bremen"]

1. e4 c5 2. Nf3 Nc6 3. d4 cxd4 4. Nxd4 e5 5. Nb5 d6 6. c4 Be7 7. N1c3 a6 8. Na3 Be6 9. Nc2 Bg5 10. Bd3 Bxc1 11. Rxc1 Nf6 12. O-O O-O 13. Qd2 Rc8 14. Nd5 Bxd5 15. cxd5 Ne7 16. Ne3 Rxc1 17. Rxc1 Qb8 18. a4 Nd7 19. b4 Rc8 20. a5 Rxc1+ 21. Qxc1 Qc8 22. Qxc8+ Nxc8 23. g3 Kf8 24. Kg2 g6 25. f4 Ke7 26. h4 Na7 27. Kf3 Nb5 28. Bxb5 axb5 29. Nc2 Nb8 30. fxe5 dxe5 31. g4 Na6 32. g5 Kd6 33. Ke3 Ke7 34. Kd3 f6 35. Kc3 fxg5 36. hxg5 Nc7 37. Ne1 Ne8 38. Nd3 Nd6 39. Nc5 Kd8 40. Nxb7+ 1-0

[Event "34th European Club Cup 2018"]
[Site "Halkidiki"]
[Date "2018.10.14"]
[Round "3"]
[White "Safarli, Eltaj"]
[Black "Sulypa, Oleksandr"]
[Result "1-0"]
[WhiteElo "2676"]
[BlackElo "2487"]
[Annotator "TA"]
[PlyCount "61"]
[EventDate "2018.10.12"]
[EventType "team-tourn"]
[EventCountry "GRE"]
[SourceTitle "playchess.com"]
[Source "ChessBase"]
[SourceQuality "1"]
[WhiteTeam "Odlar Yurdu"]
[BlackTeam "Reykjavik"]

1. e4 c5 2. Nf3 Nc6 3. Bb5 g6 4. Bxc6 bxc6 5. d4 Bg7 6. dxc5 Qa5+ 7. Nbd2 Qxc5 8. O-O Nh6 9. e5 Ng4 10. Nb3 Qd5 11. Bf4 Qxd1 12. Raxd1 f6 13. exf6 Nxf6 14. Rfe1 O-O 15. Rxe7 Nd5 16. Rxg7+ Kxg7 17. Bd6 Re8 18. Nc5 a5 19. c4 Nb4 20. Be5+ Kf8 21. a3 Na6 22. Ne4 d5 23. Nf6 Rd8 24. Nxh7+ Kg8 25. Nf6+ Kf8 26. Rd4 c5 27. Rh4 dxc4 28. h3 Be6 29. Ng5 Bg8 30. Nxg8 Rd5 31. Nf6 1-0

[Event "34th European Club Cup 2018"]
[Site "Halkidiki"]
[Date "2018.10.14"]
[Round "3"]
[White "Sasikiran, Krishnan"]
[Black "Predojevic, Borki"]
[Result "1/2-1/2"]
[WhiteElo "2672"]
[BlackElo "2616"]
[Annotator "TA"]
[PlyCount "66"]
[EventDate "2018.10.12"]
[EventType "team-tourn"]
[EventCountry "GRE"]
[SourceTitle "playchess.com"]
[Source "ChessBase"]
[SourceQuality "1"]
[WhiteTeam "Novy Bor"]
[BlackTeam "Valerenga"]

1. e4 e5 2. Nf3 Nc6 3. Bb5 Nf6 4. O-O Nxe4 5. d4 Nd6 6. Bxc6 dxc6 7. dxe5 Nf5 8. Qxd8+ Kxd8 9. h3 Ne7 10. Nc3 Ng6 11. Bg5+ Ke8 12. Rad1 Bd7 13. a3 h6 14. Bc1 Rd8 15. Nd4 Bc5 16. Rfe1 Bc8 17. Nb3 Rxd1 18. Nxd1 Be7 19. Nd4 a6 20. Ne3 Nh4 21. Rd1 Bg5 22. b4 Ke7 23. Nc4 Bxc1 24. Rxc1 Rd8 25. c3 g5 26. Ne3 Kf8 27. Re1 Re8 28. Ng4 Bxg4 29. hxg4 Ng6 30. Nf3 Rd8 31. Nd4 Re8 32. Nf3 Rd8 33. Nd4 Re8 1/2-1/2

[Event "34th European Club Cup 2018"]
[Site "Halkidiki"]
[Date "2018.10.14"]
[Round "3"]
[White "Granda Zuniga, Julio E"]
[Black "Zelbel, Patrick"]
[Result "1-0"]
[WhiteElo "2641"]
[BlackElo "2429"]
[Annotator "TA"]
[PlyCount "97"]
[EventDate "2018.10.12"]
[EventType "team-tourn"]
[EventCountry "GRE"]
[SourceTitle "playchess.com"]
[Source "ChessBase"]
[SourceQuality "1"]
[WhiteTeam "Padova"]
[BlackTeam "Eynatten"]

1. d4 Nf6 2. c4 g6 3. Nc3 Bg7 4. e4 d6 5. h3 O-O 6. Be3 e5 7. d5 Na6 8. g4 Nc5 9. Bg2 a5 10. Nge2 c6 11. Ng3 cxd5 12. exd5 Ne8 13. Rg1 b6 14. Qd2 f5 15. gxf5 Bxf5 16. Nxf5 Rxf5 17. Bf1 Nf6 18. O-O-O Qf8 19. Bg2 Nh5 20. Kb1 Nf4 21. Bf1 a4 22. Qc2 Rh5 23. Rg3 Qf5 24. Qxf5 gxf5 25. Nb5 Ne4 26. Bxb6 Nxg3 27. fxg3 Nxh3 28. Nxd6 f4 29. Ne4 Ng5 30. Nxg5 Rxg5 31. gxf4 exf4 32. d6 Bf6 33. c5 Rb8 34. d7 f3 35. Rd3 Rf5 36. Rd2 Re5 37. Kc2 Kg7 38. Bc4 Bd8 39. b4 axb3+ 40. axb3 Kf6 41. Bxd8+ Rxd8 42. c6 Rc5 43. Rd6+ Ke7 44. Re6+ Kf8 45. Kd3 f2 46. Ke2 Rf5 47. Ke3 Rc5 48. Kxf2 h5 49. Ke3 1-0